000 00297nam a2200121Ia 4500
008 170620s9999 xx 000 0 und d
100 _aDEVALA-RAO.G
245 0 _aINORGANIC PHARMACEUTICAL CHEMISTRY
260 _bBIRLA
260 _c2006
300 _a192
546 _aEnglish
690 _aINORGANIC PHARMACEUTICAL CHEMISTRY
999 _c30603
_d30603